| 000 | 00736nam a2200205Ia 4500 | ||
|---|---|---|---|
| 001 | 9330 | ||
| 003 | GE_BSU | ||
| 008 | 181216s||||||||xx |||||||||||||| ||und|| | ||
| 040 | _cGE_BSU | ||
| 080 | _a821.353.1+821.353.1-11 | ||
| 100 | _aმალაზონია,ნესტორ | ||
| 245 | _aრჩეული:ლექსები და პოემები | ||
| 245 | _cრედ.ა.ახვლედიანი.მხატვ.გ.ხოჯაშვილი | ||
| 260 | _aბათუმი | ||
| 260 | _bსაბჭოთა აჭარა | ||
| 260 | _c1972 | ||
| 300 | _a247გვ.1ფ.პორტრ.16სმ. | ||
| 653 | _aრჩეული:ლექსები და პოემები | ||
| 942 | _cBK | ||
| 999 |
_c42626 _d42626 |
||